Normal view
MARC view
- Holdsworth , s donald .
Entry Personal Name
001 - CONTROL NUMBER
- control field: 3149
003 - CONTROL NUMBER IDENTIFIER
- control field: OSt
005 - DATE AND TIME OF LATEST TRANSACTION
- control field: 20180604153839.0
008 - FIXED-LENGTH DATA ELEMENTS
- fixed length control field: 180604|| aca||aabn | a|a d
040 ## - CATALOGING SOURCE
- Original cataloging agency: OSt
- Transcribing agency: OSt
100 ## - HEADING--PERSONAL NAME
- Personal name: Holdsworth , s donald .
670 ## - SOURCE DATA FOUND
- Source citation: Work cat.: (OSt): Holdsworth , s donald ., Thermal processing of packaged foods /, 2016 .
